000 00618nam a2200241Ia 4500
003 OSt
005 20220925232131.0
006 a|||||r|||| 00| 0
007 ta
008 220923b |||||||| |||| 00| 0 eng d
020 _a0 7016 0693 2
037 _cGeneral Book
040 _aRTL
_cRTL
_beng
041 _2eng
_aeng
082 _aU18, L4
100 _aBiddle D S
_9296750
245 0 _aLanguage of topographic maps
260 _aMilton
_bJacaranda Press
_c1974
300 _a121p.
_ccm.
650 _aGeography
942 _hU18, L4
_cGB
_2CC
999 _c590425
_d590425